000 00592nam a22001697a 4500
008 160212b xxu||||| |||| 00| 0 eng d
020 _a978-9-71041251-8 (pbk.)
082 _22014
_aDFil 160
_bB86a
100 _92809
_aBuenaflor, Lionel E.
245 _aThe art of critical thinking :
_blogic for Filipino students /
_cLionel E. Buenaflor.
250 _aThird edition
260 _aMandaluyong City :
_bBooks atbp. Pub.,
_cc2014.
300 _a xi, 303 pages;
_c 23 cm.
500 _a Includes bibliographical references (p. 301-303).
650 0 _92810
_aLogic.
942 _2ddc
_cDFIL
999 _c1044
_d1044